000 00455nam a2200145 4500
999 _c10769
_d10769
008 180919b ||||| |||| 00| 0 eng d
022 _a2094-8042
082 _aDPer 370.105 M72 Jan-Dec 2011 v59-60
100 _931371
_aChavez, Pablo D.
245 _aPag-aaral/
_cPablo D. Chavez.
260 _aPhilippines:
_bIn the Grade School, Inc.,
_cc2011.
300 _av60 n4, page 171:
_billustrations;
_c27cm.
650 0 _931372
_aPoetry.
942 _2ddc
_cPER